State Mottos - Map Quiz - Statistics

General Stats
  • This quiz has been taken 26 times
  • The average score is 10 of 50
Answers on the Map
Answers color-coded by a green-red scale on the quiz's map according to % correct below.
 
Answer Stats
Answer % Correct
Eureka
59%
Live Free or Die
59%
Excelsior
53%
All For Our Country
35%
North to the Future
35%
Ua mau ke ea o ka ʻāina i ka pono
35%
Friendship
29%
In God We Trust
29%
Our liberties we prize and
our rights we will maintain
29%
Audemus jura nostra defendere
24%
Dirigo
24%
Freedom and Unity
24%
Industry
24%
L'étoile du Nord
24%
The Crossroads of America
24%
United we stand, divided we fall
24%
Ad astra per aspera
18%
Alki
18%
Equal Rights
18%
Forward
18%
Hope
18%
Labor omnia vincit
18%
Liberty and Independence
18%
Oro y plata
18%
Qui transtulit sustinet
18%
Sic semper tyrannis
18%
State sovereignty, national union
18%
Virtue, liberty, and independence
18%
Wisdom, Justice, Moderation
18%
Agriculture and Commerce
12%
Crescit eundo
12%
Ditat Deus
12%
Ense petit placidam sub libertate quietem
12%
Equality before the law
12%
Esto perpetua
12%
Fatti maschi, parole femine
12%
Liberty and prosperity
12%
Liberty and union, now and forever,
one and inseparable
12%
Montani semper liberi
12%
Nil sine numine
12%
Salus populi suprema lex esto
12%
Si quaeris peninsulam amoenam circumspice
12%
Under God the people rule
12%
Union, justice, confidence
12%
With God, all things are possible
12%
Alis volat propriis
6%
Dum spiro spero
6%
Regnat populus
6%
Virtute et armis
6%
Esse quam videri
0%
No matching quizzes found
Score Distribution
Percent of People with Each Score
Percentile by Number Answered
Your Score History
You have not taken this quiz